Statistics for Nadopuni Stih - Razno #2

Click here to take the quiz!

General Stats

  • This quiz has been taken 96 times
  • The average score is 9 of 15

Answer Stats

Answer% Correct
Danas {sam} {luda}, ne znam što hoću
Danas {sam} {luda}, želim samoću!
94%
Što si u kavu stavila
{Čudni} {napitak}
Ti meni si podvalila
83%
Imala je oči boje vena
Boje vena, {boje} {Dunava}
81%
Tvoje lice, duša, tijelo
Sve je {bijelo}
72%
Reci {Saša} e, moj {Saša}
Znaš li gdje je ljubav naša
I da li pamtiš zadnje ljeto
Srcu mom još tako sveto
70%
Ti si moja {prva} {ljubav}
Cijelog si me smotala, zaludila
I više ne znam koliko je dva i dva
68%
I dok je ljubim kao more
Njeno tijelo podrhtava
Povedi me prostranstvima gdje svi
{Pjevaju} {o} {ljubavi}
66%
{Ako} {me} {ostaviš}, kad poželiš kraj
i nebo će plakati, izgubit’ će sjaj
ako me ostaviš, ne ruši drugo sve
pusti da vjerujem da voljela si me
64%
Ljubi svoju zemlju na njoj
Ti {sagradi} {dom} i
Brani je krvlju svojom
64%
{Lipa} {si}, {lipa}
Anđeli ti sliče
{Lipa} {si}, {lipa}
Usne tvoje liče
59%
Za svoj narod i za tebe
Morao sam umrijeti
{Bili} {cvitak} je na spomen
56%
Koliko sam {vina} {ja} {popio}
Još sam više žena imao
Moje ludo srce nije biralo
Sve od reda ja sam ljubio
43%
{Balkane}, {Balkane}, {Balkane} moj
budi mi silan i dobro mi stoj
42%
Nekad se pitan jel' tribalo sve baš tako bit'
Pa mislin tribalo je bit' kad je proklet ovi svit
Dobri ljudi uvik izvuku deblji kraj
Zato se nadan da postoji {pakal} {i} {raj}
31%
Ne virujem {materi}, drugima još i manje
Zajebi me, s očevim očima ću ti igrat franje
11%

Score Distribution

Percentile by Number Answered

Percent of People with Each Score

Your Score History

You have not taken this quiz